00614nam a22002177a 4500003000500000005001700005008004100022010001000063011001000073035001000083040000900093082001600102100001800118245004800136260003500184300001000219490003900229500006800268650002100336830003900357CHAP20220329135105.0971013s1973 r 00010 d a30772 a31744 a35856 cCHAP a621.01bM3Y00aMark, Melvin. aTermodinámicab: instrucción programada aBuenos Aires :bMarymar,c1973 a178 p aColección ciencia y tecnología ac.1 subs, por Vam Wylen Gardend. Fundamentos de termodinámica14aTermodinámica.0 aColección ciencia y tecnología